000 00399nam a2200145Ia 4500
005 20251222152036.0
008 251222s9999||||xx |||||||||||||| ||spa||
020 _a968243629X
082 _a630.201.1/L68
100 _aLittle, Thomas M.
245 0 _aMétodos estadísticos para la investigación en la agricultura
250 _a2a.ed.
264 _bMagisterio del Río de la Plata
942 _cLIB
999 _c25847
_d25847